Harmonizácia daní v EÚ bakalárska práca

Salvato in:
Dettagli Bibliografici
Autore principale: Lehocká, Brigita
Ente Autore: Fakulta podnikového manažmentu EU. Katedra podnikových financií
Altri autori: Ďurinová, Ivona, 1964-
Natura: Libro
Lingua:slovacco
Pubblicazione: Bratislava 2011
Tags: Aggiungi Tag
Nessun Tag, puoi essere il primo ad aggiungerne!!

MARC

LEADER 00000nbm a2200000 4500
001 0140121
005 20161109111706.7
041 0 |a slo 
044 |a SK 
245 1 0 |a Harmonizácia daní v EÚ  |b bakalárska práca  |c Brigita Lehocká ; školiteľ: Ivona Ďurinová 
264 1 |a Bratislava  |c 2011 
300 |a 48 s. 
100 1 |a Lehocká, Brigita 
700 1 |a Ďurinová, Ivona, 1964- 
710 2 |a Fakulta podnikového manažmentu EU. Katedra podnikových financií